The true story of the 3 little pigs / (Record no. 5155)

MARC details
000 -LEADER
fixed length control field 00968nam a22003017a 4500
001 - CONTROL NUMBER
control field 5155
003 - CONTROL NUMBER IDENTIFIER
control field FISKH
005 - DATE AND TIME OF LATEST TRANSACTION
control field 20241108080922.0
008 - FIXED-LENGTH DATA ELEMENTS--GENERAL INFORMATION
fixed length control field 241108b cb ||||| |||| 00| 0 eng d
020 ## - INTERNATIONAL STANDARD BOOK NUMBER
International Standard Book Number 9780140544510
040 ## - CATALOGING SOURCE
Original cataloging agency FISKH
Language of cataloging eng
Transcribing agency FISKH
Modifying agency FISKH
050 ## - LIBRARY OF CONGRESS CALL NUMBER
Classification number PZ7.S41267
082 ## - DEWEY DECIMAL CLASSIFICATION NUMBER
Classification number 813.54
100 ## - MAIN ENTRY--PERSONAL NAME
Personal name Scieszka, Jon /
Dates associated with a name (1954-)
245 ## - TITLE STATEMENT
Title The true story of the 3 little pigs /
Statement of responsibility, etc. By A. Wolf As Told To Jon Scieszka Illustrated by Lane Smith
250 ## - EDITION STATEMENT
Edition statement Published in 1996
260 ## - PUBLICATION, DISTRIBUTION, ETC.
Place of publication, distribution, etc. Canada :
Name of publisher, distributor, etc. Penguin,
Date of publication, distribution, etc. 1996.
300 ## - PHYSICAL DESCRIPTION
Extent 27 pages :
Other physical details Color illustrations ;
Dimensions 27 cm
505 ## - FORMATTED CONTENTS NOTE
Formatted contents note L<br/>
520 ## - SUMMARY, ETC.
Summary, etc. The wolf gives his own outlandish version of what really happened when he tangled with the three little pigs.
521 8# - TARGET AUDIENCE NOTE
Target audience note 510L<br/>
Source Lexile<br/>
521 8# - TARGET AUDIENCE NOTE
Target audience note L<br/>
Source Raz-Plus<br/>
650 ## - SUBJECT ADDED ENTRY--TOPICAL TERM
Source of heading or term Fiction
Topical term or geographic name entry element Point of view
650 ## - SUBJECT ADDED ENTRY--TOPICAL TERM
Source of heading or term Three little pigs
Topical term or geographic name entry element Perspective
700 ## - ADDED ENTRY--PERSONAL NAME
Personal name Smith, Lane
Dates associated with a name Illustrator
942 ## - ADDED ENTRY ELEMENTS (KOHA)
Source of classification or shelving scheme Dewey Decimal Classification
Koha item type Books
Suppress in OPAC No
Holdings
Withdrawn status Lost status Source of classification or shelving scheme Damaged status Not for loan Collection Home library Current library Shelving location Date acquired Total Checkouts Full call number Barcode Date last seen Copy number Price effective from Koha item type
    Dewey Decimal Classification     Fiction Footprints International School Library Network Toul Kork Campus Footprints International School Library Network Toul Kork Campus TK Primary Library Room(4th Floor), Bookcase 3&4, Shelves 17-32, Yellow Books 11/08/2024   SCI 813.54 PZ7.S41267 FISTK02447 11/08/2024 1 11/08/2024 Books